Statistiques concernant Paroles - L'odeur de l'essence - Orelsan - P2

Cliquez ici pour prendre le quiz!

Statistiques générales

  • Ce quiz a été pris 13 fois
  • Le résultat moyen est 167 sur 330

Statistiques - réponses

Réponse% Correct
le
100%
la
90%
se
90%
a
80%
à
80%
ce
80%
de
80%
En
80%
en
80%
les
80%
On
80%
on
80%
Pas
80%
pas
80%
comme
70%
est
70%
70%
plus
70%
que
70%
tout
70%
un
70%
argent
60%
Ca
60%
C'est
60%
c'est
60%
crash
60%
des
60%
donc
60%
droit
60%
du
60%
elle
60%
et
60%
faire
60%
France
60%
Ils
60%
ils
60%
nos
60%
Nos
60%
quand
60%
qui
60%
qu'on
60%
Sait
60%
sait
60%
Tous
60%
Alors
50%
aux
50%
cache
50%
émotions
50%
gérer
50%
leader
50%
monde
50%
ou
50%
50%
Personne
50%
Président
50%
relations
50%
Si
50%
trois
50%
va
50%
vers
50%
vieux
50%
vivre
50%
vote
50%
aime
40%
ans
40%
artistes
40%
Assume
40%
Aucune
40%
avion
40%
bat
40%
bousille
40%
censure
40%
chefs
40%
clichés
40%
comment
40%
contradictions
40%
dernière
40%
deux
40%
D'une
40%
empathie
40%
ensemble
40%
fais
40%
gâche
40%
Génération
40%
Grecs
40%
guerre
40%
haine
40%
jugements
40%
juste
40%
lâche
40%
leur
40%
Mamie
40%
Marine
40%
même
40%
moutons
40%
nourrir
40%
nourris
40%
Nourris
40%
parce
40%
planquent
40%
pseudo-subversifs
40%
riches
40%
sens
40%
sur
40%
tristesse
40%
Voilà
40%
voix
40%
vont
40%
votent
40%
Youtubeurs
40%
Z
40%
amis
30%
autres
30%
avenir
30%
charismatique
30%
choisir
30%
clairement
30%
connu
30%
crache
30%
croit
30%
dans
30%
deepfake
30%
deviennent
30%
dilemmes
30%
Ensuite
30%
époque
30%
étaient
30%
être
30%
fascistes
30%
faut
30%
Faut
30%
flippent
30%
font
30%
hiérachique
30%
inerte
30%
jamais
30%
jusqu'à
30%
l'argent
30%
l'avant
30%
L'école
30%
l'individualisme
30%
l'rejet
30%
l'système
30%
manque
30%
Mélange
30%
merde
30%
moitié
30%
nombreux
30%
nostalgie
30%
nostalgiques
30%
notre
30%
pardonne
30%
perdre
30%
peur
30%
pour
30%
Putain
30%
qu'ils
30%
quoi
30%
radicalisent
30%
reboot
30%
remporte
30%
reset
30%
rien
30%
Rien
30%
satisfaire
30%
savoir
30%
s'efface
30%
semblant
30%
seule
30%
seulement
30%
t'apprend
30%
tiers
30%
uns
30%
veulent
30%
voit
30%
voulaient
30%
avance
20%
besoin
20%
Combien
20%
Corrompu
20%
d'autres
20%
déjà
20%
Face
20%
gens
20%
jobs
20%
j'suis
20%
l'inconnu
20%
lois
20%
n'avance
20%
repères
20%
Sénat
20%
servent
20%
tafs
20%
Tellement
20%
voir
20%
business
10%
forme
10%
perdent
10%
Prendre
10%
qu'une
10%
richesse
10%
sauf
10%
voler
10%
t'append
0%

Distribution des résultats

Percentile par nombre de réponses

% des personnes avec chaque résultat

Votre développement - résultats

Vous n’avez pas pris ce quiz